| 000 | 05655cam a22013214i 4500 | ||
|---|---|---|---|
| 003 | PE-LiUPU | ||
| 005 | 20250813185602.0 | ||
| 008 | 150706s2007 pe a r 000 0 spa d | ||
| 035 | _a(Sirsi) a49454 | ||
| 040 |
_aPE-LiUPU _bspa _cPE-LiUPU _erda |
||
| 049 | _aPRUA | ||
| 082 | 0 | 4 |
_a378.0785 _bP53 _221 |
| 082 | 0 | 4 |
_a370.72 _bP53 _221 |
| 100 | 1 |
_aPicón Espinoza, César, _eautor. |
|
| 245 | 1 | 0 |
_aInvestigaciones e innovaciones en apoyo a la calidad de la educación universitaria del Perú / _cCésar Picón Espinoza. |
| 264 | 1 |
_aLima : _bAsamblea Nacional de Rectores, _c2007. |
|
| 300 |
_a376 páginas : _bilustraciones ; _c20 cm. |
||
| 336 |
_atext _2rdacontent |
||
| 337 |
_aunmediated _2rdamedia |
||
| 338 |
_avolume _2rdacarrier |
||
| 505 | 0 | _aNúcleo temático I -- Los organizadores gráficos: Técnicas para la enseñanza y el aprendizaje.-Accion como herramienta de Reflexion del quehacer pedagogico en las Practicas Pre-Profesionales -- Organizadores "LAN-SIC" -- Las habilidades de pensamiento en la compresión de textos de los estudiantes de educación -- Eficiencia de los proyectos en química del área de ciencia, tecnología y ambiente sobre el aprendizaje y rendimiento académico en estudiantes del tercer grado de educación secundaria -- Optimización de la eficiencia del trabajo en equipo a través de la creación y uso de mapas de inteligencias múltiples -- Una propuesta innovadora para el postgrado: La maestría semipresencial -- Núcleo temático II -- Calidad de la educación y desarrollo regional -- Una facultad para promover innovaciones en la educación -- La licenciatura en educación en la modalidad a distancia sistema virtual -- Propuesta y aplicación del modelo "Garcilaso siglo XXI" -- Aprendizaje compartido y colaborativo -- Los congresos académicos como complemento de la educación integral y agentes instituciones de cambio en el Perú -- El cine y su dimensión formativa: Cine - Forum -- Cuentos que enseñan: Comprensión de lectura, desarrollo de la creatividad y práctica de valores -- Innovaciones metodológicas para la comprensión lectora. | |
| 526 | _aP202 | ||
| 526 | _aP201 | ||
| 526 | _aP163 | ||
| 526 | _aP162 | ||
| 526 | _aP161 | ||
| 526 | _aP160 | ||
| 526 | _aP148 | ||
| 526 | _aP147 | ||
| 526 | _aP146 | ||
| 526 | _aP145 | ||
| 526 | _aP144 | ||
| 526 | _aP143 | ||
| 526 | _aP142 | ||
| 526 | _aP141 | ||
| 526 | _aP140 | ||
| 526 | _aP139 | ||
| 526 | _aP138 | ||
| 526 | _aP137 | ||
| 526 | _aP136 | ||
| 526 | _aP135 | ||
| 526 | _aP134 | ||
| 526 | _aP133 | ||
| 526 | _aP129 | ||
| 526 | _aP128 | ||
| 526 | _aP127 | ||
| 526 | _aP120 | ||
| 526 | _aP119 | ||
| 526 | _aP118 | ||
| 526 | _aP116 | ||
| 526 | _aP115 | ||
| 526 | _aP114 | ||
| 526 | _aP110 | ||
| 526 | _aP109 | ||
| 526 | _aP108 | ||
| 526 | _aP104 | ||
| 526 | _aP103 | ||
| 526 | _aP102 | ||
| 526 | _aP99 | ||
| 526 | _aP98 | ||
| 526 | _aP97 | ||
| 526 | _aP96 | ||
| 526 | _aP95 | ||
| 526 | _aP93 | ||
| 526 | _aP90 | ||
| 526 | _aP89 | ||
| 526 | _aP88 | ||
| 526 | _aP83 | ||
| 526 | _aP82 | ||
| 526 | _aP62 | ||
| 526 | _aP59 | ||
| 526 | _aP58 | ||
| 526 | _aP57 | ||
| 526 | _aP51 | ||
| 526 | _aP49 | ||
| 526 | _aP48 | ||
| 526 | _aP47 | ||
| 526 | _aP29 | ||
| 526 | _aP24 | ||
| 526 | _aP20 | ||
| 526 | _aP19 | ||
| 526 | _aP17 | ||
| 526 | _aP15 | ||
| 526 | _aP14 | ||
| 526 | _aP12 | ||
| 526 | _aP10 | ||
| 526 | _aP09 | ||
| 526 | _aP08 | ||
| 526 | _aP07 | ||
| 526 | _aP06 | ||
| 526 | _aP05 | ||
| 526 | _aP04 | ||
| 526 | _aP01 | ||
| 541 | _g001-00003175; | ||
| 650 | 0 | 4 |
_aEducación superior _vInvestigaciones _zPerú. |
| 910 |
_bjv _cng _d20110405 |
||
| 910 |
_btqv _caic _d20161212 |
||
| 942 |
_2ddc _cBOOK |
||
| 949 |
_a378.0785 P53 1 _wDEWEY _c1 _i62722 _lCCODEBUL1 _mBUL _p13.00 _r0 _sY _tLIBRO _u2015-07-06 _xBIBLIOTECA _zUNKNOWN _o.STAFF. Colección General |
||
| 949 |
_a378.0785 P53 1 _wDEWEY _c2 _i62721 _lCCODEBUL1 _mBUL _p13.00 _r0 _sY _tLIBRO _u2015-07-06 _xBIBLIOTECA _zUNKNOWN _o.STAFF. Colección General |
||
| 949 |
_a370.72 P53 _wDEWEY _c1 _iFJ04877 _lCCODEBUJ1 _mBUJ _p15.00 _sY _tBOOK _u2016-12-12 _xEDUCACION _PP20 _0COMPRA _o.STAFF. Colección General Juliaca |
||
| 949 |
_a370.72 P53 _wDEWEY _c2 _iFJ04878 _lCCODEBUJ1 _mBUJ _p0.00 _sY _tBOOK _u2016-12-12 _xEDUCACION _PP20 _0COMPRA _o.STAFF. Colección General Juliaca |
||
| 994 |
_aC0 _bPEPRU |
||
| 596 | _a1 2 3 | ||
| 999 |
_a378.0785 P53 1 _wDEWEY _c51802 _i62722 _f2021-11-8 _g5 _lCCODEBUL1 _mBUL _p13.00 _r0 _sY _tBOOK _u2015-7-6 _xEDUCACION _zUNKNOWN _0COMPRA _o.STAFF. Colección General _d51802 |
||
| 999 |
_a378.0785 P53 1 _wDEWEY _c2 _i62721 _d2018-10-28 _e2016-5-26 _f2021-11-8 _g5 _lCCODEBUL1 _mBUL _n1 _p13.00 _q1 _r0 _sY _tBOOK _u2015-7-6 _xEDUCACION _zUNKNOWN _0COMPRA _o.STAFF. Colección General |
||
| 999 |
_a378.007 A78 2007 _wDEWEY _c1 _iFT02020 _f2019-2-20 _g1 _lCCODEBUT1 _mBUT _p12.00 _r0 _sY _tBOOK _u2016-2-2 _xBIBLIOTECA _zUNKNOWN _0DONACION _o.STAFF. Colección General |
||
| 999 |
_a370.72 P53 _wDEWEY _c1 _iFJ04877 _d2019-6-7 _f2022-1-18 _g3 _lCCODEBUJ1 _mBUJ _q1 _r0 _sY _tBOOK _u2016-12-12 _xEDUCACION _PP20 _0COMPRA _o.STAFF. Colección General Juliaca |
||
| 999 |
_a370.72 P53 _wDEWEY _c2 _iFJ04878 _f2022-1-18 _g3 _lCCODEBUJ1 _mBUJ _r0 _sY _tBOOK _u2016-12-12 _xEDUCACION _PP20 _0COMPRA _o.STAFF. Colección General Juliaca |
||
| 980 |
_81 _gALBERTO SANCHEZ Responsable de Automatización |
||